| 000 | 00481nam a2200157Ia 4500 | ||
|---|---|---|---|
| 008 | 220216s9999 xx 000 0 und d | ||
| 100 | _aEisenbach C D | ||
| 245 | 0 | _aInvestigation on the distribution of fillers in natural rubber by element spectroscopic tansmission electron microscopy | |
| 260 |
_bKautschuk Gummi Kunststoffe _c1994 |
||
| 300 | _a316-318 | ||
| 650 | _aElectron microscopy | ||
| 650 | _aFiller | ||
| 650 | _aNatural rubber | ||
| 700 | _aRibbe A | ||
| 942 | _cJS | ||
| 999 |
_c61638 _d61638 |
||